De la cabeza a los pies : el cuerpo como eje integrador de contenidos /
Guardado en:
| Autor Principal: | |
|---|---|
| Formato: | Libro |
| Publicado: |
Buenos Aires :
Aique,
1997
|
| Series: | Aportes a la educación inicial
|
| Materias: | |
| Etiquetas: |
Agregar Etiqueta
Sin Etiquetas, Sea el primero en etiquetar este registro!
|
| LEADER | 00969nam a22002415a 4500 | ||
|---|---|---|---|
| 001 | CEM.cems009630 | ||
| 005 | 20080725121828.0 | ||
| 008 | 130507s1997##################000#0#####d | ||
| 003 | CEMS | ||
| 020 | |a 9507013792 | ||
| 082 | 0 | 4 | |a 372.21 |
| 100 | 1 | |a Apel, Tuli | |
| 245 | 1 | 0 | |a De la cabeza a los pies : |b el cuerpo como eje integrador de contenidos / |c Tuli Apel |
| 260 | |a Buenos Aires : |b Aique, |c 1997 | ||
| 300 | |a 163 p. | ||
| 490 | 0 | |a Aportes a la educación inicial | |
| 500 | |a Red Federal de Formación Docente Continua | ||
| 505 | 0 | |a Qué es el cuerpo? -- Esquema e imagen corporal -- Una persona, su devenir autónomo -- Producciones corporales -- Las destacadas manos -- Los escondidos pies -- La cabeza -- La cabeza y el eje corporal -- El control de esfínteres | |
| 653 | |a Educación | ||
| 653 | |a Educación preescolar | ||
| 653 | |a Nivel inicial | ||
| 653 | |a Nivel inicial-imagen corporal | ||
| 859 | |a CEMS |b BIB. CEMS - 11 de abril |h 372.21 |i Ap22 |p 19834.98 |t Ej.1 | ||
